000 00723nam a2200229Ia 4500
003 OSt
005 20220926043414.0
006 a|||||r|||| 00| 0
007 ta
008 220923b |||||||| |||| 00| 0 eng d
037 _cGeneral Book
040 _aRTL
_cRTL
_beng
041 _2eng
_aeng
082 _aXM85:87:73:N3, H5/XD
100 _aChudson Walter A
_9347680
245 0 _aPattern of corporate financial structure etc
260 _c1945
490 _aNational Bureau of Economic Research, United States, Financial Research Program, Studies in Business Financing,7
650 _aMultinational
942 _hXM85:87:73:N3, H5/XD
_cGB
_2CC
999 _c672227
_d672227